000 00591nam a22001937a 4500
003 KOHA_MİRAKIL
005 20260330085909.0
008 260330b tu ||||| |||| 00| 0 tur d
040 _aTR-AnABB
_btur
_cTR-AnABB
041 _atur
082 _a923.2
_bALI 2003
100 1 _aAlıveren, İsmail Erdoğan
245 1 0 _aDünden bugüne ve bugünlerden yarınlara /
_cİsmail Erdoğan Alıveren
260 _aAnkara :
_b[yayl. y.] ,
_c2003
300 _a306 sayfa ;
_c18 cm
500 _aYazar imzalı
650 0 4 _aSiyaset bilimcileri ve politikacılar
942 _2ddc
_cBK
999 _c10056
_d10056
900 _bCan ÇELIK